Essentials Of Physical Chemistry (Record no. 353968)

MARC details
000 -LEADER
fixed length control field 00412nam a2200157Ia 4500
008 - FIXED-LENGTH DATA ELEMENTS--GENERAL INFORMATION
fixed length control field 230719s9999 xx 000 0 und d
041 ## - LANGUAGE CODE
Language code of text/sound track or separate title eng
082 ## - DEWEY DECIMAL CLASSIFICATION NUMBER
Classification number 541.3
Item number BAH
100 ## - MAIN ENTRY--PERSONAL NAME
Personal name Bahl B.S.
9 (RLIN) 203700
245 ## - TITLE STATEMENT
Title Essentials Of Physical Chemistry
250 ## - EDITION STATEMENT
Edition statement 23rd ed.
260 ## - PUBLICATION, DISTRIBUTION, ETC. (IMPRINT)
Date of publication, distribution, etc. 1994
Name of publisher, distributor, etc. S.Chand & Company Ltd.
300 ## - PHYSICAL DESCRIPTION
Extent 866
365 ## - TRADE PRICE
Currency code Rs.
Price amount 95.00
700 ## - ADDED ENTRY--PERSONAL NAME
Personal name Bahl B.S.; Tuli G.D. & Bahl A.
9 (RLIN) 203701
Holdings
Withdrawn status Lost status Damaged status Not for loan Home library Current library Shelving location Date acquired Vendor Cost, normal purchase price Total Checkouts Full call number Barcode Date last seen Date last checked out Cost, replacement price Bill Date Koha item type Original Barcode
        Cummins College of Engineering for Women Pune Cummins College of Engineering for Women Pune Donated Book 22/05/2012 Masurkar Enterprises 95.00 1 541.3 CCEP-DB-173 25/10/2024 14/10/2024 95.00 19/07/2023 Books D00173